[Event "European Youth Chess Championship B14"]
[Site "Prague, Top Hotel Prague"]
[Date "2012.08.23"]
[Round "7.1"]
[White "Gajek, Radoslaw"]
[Black "Duda, Jan-Krzysztof"]
[Result "0-1"]
[WhiteElo "2200"]
[BlackElo "2411"]
[PlyCount "0"]
[EventDate "2012.08.17"]

1. e4 {[%clk 1:30:59]} e5 {[%clk 1:30:54]} 2. Nf3 {[%clk 1:31:25]} Nc6
{[%clk 1:31:20]} 3. Bc4 {[%clk 1:31:51]} Bc5 {[%clk 1:31:25]} 4. O-O
{[%clk 1:32:03]} Nf6 {[%clk 1:30:59]} 5. d3 {[%clk 1:32:26]} d6 {[%clk 1:30:35]}
6. c3 {[%clk 1:32:23]} a6 {[%clk 1:28:45]} 7. Re1 {[%clk 1:29:39]} Ba7
{[%clk 1:27:56]} 8. Bb3 {[%clk 1:25:51]} O-O {[%clk 1:23:26]} 9. Bg5
{[%clk 1:22:17]} h6 {[%clk 1:17:25]} 10. Bh4 {[%clk 1:22:19]} Qe7
{[%clk 1:11:27]} 11. Nbd2 {[%clk 1:21:28]} Be6 {[%clk 1:10:08]} 12. Bc2
{[%clk 1:17:22]} g5 {[%clk 1:08:03]} 13. Bg3 {[%clk 1:16:31]} Ne8
{[%clk 0:56:34]} 14. Nf1 {[%clk 0:54:40]} Ng7 {[%clk 0:55:25]} 15. d4
{[%clk 0:52:30]} h5 {[%clk 0:41:52]} 16. d5 {[%clk 0:30:41]} h4 {[%clk 0:41:21]}
17. dxc6 {[%clk 0:28:54]} hxg3 {[%clk 0:41:11]} 18. Nxg3 {[%clk 0:28:27]} bxc6
{[%clk 0:41:23]} 19. Nf5 {[%clk 0:27:10]} Bxf5 {[%clk 0:31:39]} 20. exf5
{[%clk 0:27:31]} Rab8 {[%clk 0:30:25]} 21. b3 {[%clk 0:16:05]} Qf6
{[%clk 0:27:24]} 22. Re4 {[%clk 0:16:02]} d5 {[%clk 0:26:26]} 23. Rg4
{[%clk 0:14:56]} e4 {[%clk 0:25:21]} 24. Nxg5 {[%clk 0:15:02]} Qxf5
{[%clk 0:23:46]} 25. Nh3 {[%clk 0:14:57]} Qe5 {[%clk 0:20:09]} 26. c4
{[%clk 0:12:05]} f5 {[%clk 0:18:34]} 27. Rg6 {[%clk 0:10:53]} Rbd8
{[%clk 0:15:48]} 28. cxd5 {[%clk 0:09:55]} Rxd5 {[%clk 0:09:00]} 29. Qe1
{[%clk 0:08:08]} Rfd8 {[%clk 0:08:31]} 30. b4 {[%clk 0:07:15]} Rd2
{[%clk 0:04:50]} 31. Rxc6 {[%clk 0:04:46]} Kf8 {[%clk 0:03:15]} 32. Bb3
{[%clk 0:02:39]} e3 {[%clk 0:01:30]} 0-1

[Event "European Youth Chess Championship B14"]
[Site "Prague, Top Hotel Prague"]
[Date "2012.08.23"]
[Round "7.2"]
[White "Minko, Vladimir"]
[Black "Korpa, Bence"]
[Result "1/2-1/2"]
[WhiteElo "2257"]
[BlackElo "2317"]
[PlyCount "0"]
[EventDate "2012.08.17"]

1. d4 {[%clk 1:30:58]} Nf6 {[%clk 1:30:51]} 2. c4 {[%clk 1:31:00]} g6
{[%clk 1:31:13]} 3. Nc3 {[%clk 1:30:52]} d5 {[%clk 1:31:35]} 4. cxd5
{[%clk 1:30:25]} Nxd5 {[%clk 1:31:56]} 5. Na4 {[%clk 1:30:51]} Bg7
{[%clk 1:32:00]} 6. e4 {[%clk 1:30:52]} Nb6 {[%clk 1:32:19]} 7. Be3
{[%clk 1:28:34]} O-O {[%clk 1:32:32]} 8. Nf3 {[%clk 1:27:16]} Bg4
{[%clk 1:32:05]} 9. Be2 {[%clk 1:13:07]} Bxf3 {[%clk 1:05:50]} 10. Bxf3
{[%clk 1:12:07]} Nc6 {[%clk 0:57:57]} 11. e5 {[%clk 1:09:31]} f6 {[%clk 0:49:31]}
12. Nc5 {[%clk 1:02:05]} Qc8 {[%clk 0:45:53]} 13. Qb3+ {[%clk 0:51:01]} Kh8
{[%clk 0:45:42]} 14. Nxb7 {[%clk 0:46:04]} Qxb7 {[%clk 0:43:24]} 15. Qb5
{[%clk 0:46:28]} a6 {[%clk 0:40:38]} 16. Qxc6 {[%clk 0:45:44]} Qxc6
{[%clk 0:40:58]} 17. Bxc6 {[%clk 0:46:09]} Rad8 {[%clk 0:41:11]} 18. exf6
{[%clk 0:40:25]} Bxf6 {[%clk 0:40:50]} 19. O-O-O {[%clk 0:31:51]} Nc4
{[%clk 0:34:07]} 20. Rhe1 {[%clk 0:28:54]} Nxe3 {[%clk 0:33:25]} 21. fxe3
{[%clk 0:29:16]} e5 {[%clk 0:30:24]} 22. d5 {[%clk 0:27:07]} Be7 {[%clk 0:21:43]}
23. Re2 {[%clk 0:26:20]} Rf6 {[%clk 0:20:21]} 24. Kc2 {[%clk 0:23:58]} Bc5
{[%clk 0:19:08]} 25. Rd3 {[%clk 0:18:47]} Rb8 {[%clk 0:14:16]} 26. Rc3
{[%clk 0:19:04]} Bd6 {[%clk 0:14:11]} 27. Rc4 {[%clk 0:16:24]} Kg7
{[%clk 0:13:40]} 28. a3 {[%clk 0:13:03]} Rf1 {[%clk 0:12:47]} 29. Ra4
{[%clk 0:06:33]} Rb6 {[%clk 0:12:47]} 30. b4 {[%clk 0:06:02]} e4 {[%clk 0:10:51]}
31. h3 {[%clk 0:05:35]} Ra1 {[%clk 0:09:50]} 32. Kb3 {[%clk 0:03:18]} Rd1
{[%clk 0:06:18]} 33. Ka2 {[%clk 0:02:02]} Rd3 {[%clk 0:06:21]} 34. Ra5
{[%clk 0:01:59]} Be5 {[%clk 0:04:50]} 35. Ba4 {[%clk 0:01:50]} Rd6
{[%clk 0:02:53]} 36. Bc2 {[%clk 0:01:55]} R3xd5 {[%clk 0:03:06]} 37. Rxd5
{[%clk 0:02:13]} Rxd5 {[%clk 0:03:33]} 38. Bxe4 {[%clk 0:02:38]} Rd1
{[%clk 0:03:28]} 39. Kb3 {[%clk 0:02:12]} Kf6 {[%clk 0:03:01]} 40. Ka4
{[%clk 0:31:21]} Ke7 {[%clk 0:31:56]} 41. Bb7 {[%clk 0:23:10]} Rd6
{[%clk 0:26:16]} 42. Ka5 {[%clk 0:22:19]} Rd3 {[%clk 0:24:47]} 43. a4
{[%clk 0:19:01]} Rb3 {[%clk 0:24:28]} 44. Bd5 {[%clk 0:19:00]} Rd3
{[%clk 0:17:50]} 45. Bc4 {[%clk 0:12:50]} Rd6 {[%clk 0:16:59]} 46. Rc2
{[%clk 0:11:53]} Rc6 {[%clk 0:13:49]} 47. Bd3 {[%clk 0:11:52]} Bc3
{[%clk 0:13:49]} 48. Be4 {[%clk 0:09:27]} Rc4 {[%clk 0:11:10]} 49. Kxa6
{[%clk 0:05:51]} Rxb4 {[%clk 0:11:29]} 50. Bxg6 {[%clk 0:03:45]} hxg6
{[%clk 0:06:21]} 51. Rxc3 {[%clk 0:04:08]} Rxa4+ {[%clk 0:06:45]} 52. Kb5
{[%clk 0:03:45]} Ra2 {[%clk 0:06:47]} 53. Rxc7+ {[%clk 0:03:44]} Kf6
{[%clk 0:06:49]} 54. Rc6+ {[%clk 0:03:51]} Kf7 {[%clk 0:07:06]} 55. Rc7+
{[%clk 0:03:26]} Kf6 {[%clk 0:07:27]} 56. Kc5 {[%clk 0:02:24]} Rc2+
{[%clk 0:06:42]} 57. Kd6 {[%clk 0:02:53]} Rd2+ {[%clk 0:07:04]} 1/2-1/2

[Event "European Youth Chess Championship B14"]
[Site "Prague, Top Hotel Prague"]
[Date "2012.08.23"]
[Round "7.3"]
[White "Kozionov, Kirill"]
[Black "Petrosyan, Manuel"]
[Result "1/2-1/2"]
[WhiteElo "2257"]
[BlackElo "2286"]
[PlyCount "0"]
[EventDate "2012.08.17"]

1. e4 {[%clk 1:30:51]} c5 {[%clk 1:30:37]} 2. Nf3 {[%clk 1:31:03]} e6
{[%clk 1:30:36]} 3. d4 {[%clk 1:31:02]} cxd4 {[%clk 1:30:58]} 4. Nxd4
{[%clk 1:31:28]} a6 {[%clk 1:31:09]} 5. Bd3 {[%clk 1:30:14]} Qc7 {[%clk 1:31:19]}
6. O-O {[%clk 1:30:10]} Nf6 {[%clk 1:31:27]} 7. Qe2 {[%clk 1:29:29]} d6
{[%clk 1:31:49]} 8. c4 {[%clk 1:29:34]} g6 {[%clk 1:29:34]} 9. Nc3
{[%clk 1:27:46]} Bg7 {[%clk 1:29:33]} 10. Nf3 {[%clk 1:26:45]} Nc6
{[%clk 1:27:52]} 11. Bf4 {[%clk 1:24:55]} Nd7 {[%clk 1:25:41]} 12. Rac1
{[%clk 1:23:40]} Nce5 {[%clk 1:16:31]} 13. Nxe5 {[%clk 1:11:41]} Nxe5
{[%clk 1:15:03]} 14. b3 {[%clk 0:58:28]} O-O {[%clk 1:11:35]} 15. Bb1
{[%clk 0:56:53]} Bd7 {[%clk 1:10:09]} 16. Qd2 {[%clk 0:53:39]} Rfd8
{[%clk 0:59:44]} 17. Bg5 {[%clk 0:47:50]} f6 {[%clk 0:58:46]} 18. Be3
{[%clk 0:32:38]} g5 {[%clk 0:43:38]} 19. f3 {[%clk 0:30:18]} Be8 {[%clk 0:31:57]}
20. Ne2 {[%clk 0:28:15]} Qe7 {[%clk 0:25:36]} 21. Bb6 {[%clk 0:26:25]} Rdc8
{[%clk 0:24:17]} 22. a4 {[%clk 0:25:35]} Nd7 {[%clk 0:22:27]} 23. Be3
{[%clk 0:25:19]} Nc5 {[%clk 0:20:19]} 24. Nd4 {[%clk 0:23:02]} a5
{[%clk 0:15:16]} 25. Bc2 {[%clk 0:21:28]} Rd8 {[%clk 0:13:38]} 26. Rcd1
{[%clk 0:18:24]} b6 {[%clk 0:13:46]} 27. Qf2 {[%clk 0:14:28]} Rac8
{[%clk 0:13:11]} 28. Rd2 {[%clk 0:14:28]} Bg6 {[%clk 0:11:40]} 29. Rfd1
{[%clk 0:13:00]} Rd7 {[%clk 0:07:52]} 30. Nb5 {[%clk 0:07:38]} Rcd8
{[%clk 0:07:56]} 31. Nd4 {[%clk 0:07:53]} Rc8 {[%clk 0:08:19]} 32. Nb5
{[%clk 0:05:50]} Rcd8 {[%clk 0:08:49]} 33. Nd4 {[%clk 0:05:59]} 1/2-1/2

[Event "European Youth Chess Championship B14"]
[Site "Prague, Top Hotel Prague"]
[Date "2012.08.23"]
[Round "7.4"]
[White "Sanal, Vahap"]
[Black "Sadikhov, Ulvi"]
[Result "1-0"]
[WhiteElo "2387"]
[BlackElo "2171"]
[PlyCount "0"]
[EventDate "2012.08.17"]

1. e4 {[%clk 1:30:40]} c5 {[%clk 1:30:46]} 2. Nf3 {[%clk 1:30:51]} Nc6
{[%clk 1:30:04]} 3. Bb5 {[%clk 1:30:50]} g6 {[%clk 1:29:54]} 4. O-O
{[%clk 1:31:01]} Bg7 {[%clk 1:29:56]} 5. c3 {[%clk 1:31:14]} a6 {[%clk 1:26:44]}
6. Ba4 {[%clk 1:27:32]} Nf6 {[%clk 1:22:49]} 7. Re1 {[%clk 1:27:39]} O-O
{[%clk 1:20:49]} 8. h3 {[%clk 1:27:43]} b5 {[%clk 1:20:02]} 9. Bc2
{[%clk 1:27:31]} Bb7 {[%clk 1:15:26]} 10. d3 {[%clk 1:24:46]} d6 {[%clk 1:13:36]}
11. Be3 {[%clk 1:24:28]} Rc8 {[%clk 1:12:49]} 12. Nbd2 {[%clk 1:24:20]} Nd7
{[%clk 1:09:08]} 13. d4 {[%clk 1:21:35]} cxd4 {[%clk 1:08:41]} 14. cxd4
{[%clk 1:21:55]} Nb4 {[%clk 1:07:24]} 15. Bb3 {[%clk 1:15:27]} Nd3
{[%clk 1:01:20]} 16. Re2 {[%clk 1:15:32]} e5 {[%clk 0:49:29]} 17. Nf1
{[%clk 1:10:25]} Nf4 {[%clk 0:44:35]} 18. Rd2 {[%clk 1:10:21]} Qf6
{[%clk 0:35:10]} 19. Ng3 {[%clk 1:02:03]} exd4 {[%clk 0:31:12]} 20. Rxd4
{[%clk 1:02:00]} Ne5 {[%clk 0:30:38]} 21. Nh2 {[%clk 0:49:37]} Rfd8
{[%clk 0:27:01]} 22. Qd2 {[%clk 0:43:25]} Nc6 {[%clk 0:24:19]} 23. Ng4
{[%clk 0:43:06]} Qe7 {[%clk 0:23:46]} 24. Bxf4 {[%clk 0:43:00]} Nxd4
{[%clk 0:22:34]} 25. Bg5 {[%clk 0:32:10]} Nxb3 {[%clk 0:21:31]} 26. axb3
{[%clk 0:32:30]} f6 {[%clk 0:21:20]} 27. Bh6 {[%clk 0:30:53]} Bxh6
{[%clk 0:18:11]} 28. Nxh6+ {[%clk 0:31:08]} Kh8 {[%clk 0:18:22]} 29. Re1
{[%clk 0:31:27]} Rc7 {[%clk 0:17:32]} 30. h4 {[%clk 0:30:52]} Bc8
{[%clk 0:06:03]} 31. h5 {[%clk 0:30:02]} Kg7 {[%clk 0:03:53]} 32. b4
{[%clk 0:25:43]} Qe5 {[%clk 0:02:00]} 33. f4 {[%clk 0:25:11]} Qe7
{[%clk 0:02:13]} 34. f5 {[%clk 0:25:02]} g5 {[%clk 0:01:20]} 35. Ng4
{[%clk 0:25:22]} h6 {[%clk 0:01:23]} 36. b3 {[%clk 0:22:26]} Bb7 {[%clk 0:00:57]}
37. Qd4 {[%clk 0:22:42]} Rdc8 {[%clk 0:00:57]} 38. Re3 {[%clk 0:23:00]} Rc1+
{[%clk 0:01:04]} 39. Kh2 {[%clk 0:23:22]} Rf8 {[%clk 0:00:36]} 40. Ne2
{[%clk 0:52:49]} Rcc8 {[%clk 0:30:36]} 41. Qa7 {[%clk 0:39:45]} Ra8
{[%clk 0:26:54]} 42. Qd4 {[%clk 0:37:56]} Rac8 {[%clk 0:27:14]} 43. Ng3
{[%clk 0:37:19]} Rce8 {[%clk 0:24:32]} 44. Rc3 {[%clk 0:34:42]} Rf7
{[%clk 0:23:01]} 45. Re3 {[%clk 0:34:15]} Rff8 {[%clk 0:23:04]} 46. Qb6
{[%clk 0:33:27]} Qd7 {[%clk 0:20:24]} 47. Rd3 {[%clk 0:30:20]} Qc6
{[%clk 0:19:12]} 48. Qd4 {[%clk 0:24:58]} Rxe4 {[%clk 0:18:03]} 49. Nxe4
{[%clk 0:25:08]} Qxe4 {[%clk 0:18:27]} 50. Qxe4 {[%clk 0:25:03]} Bxe4
{[%clk 0:18:52]} 51. Rxd6 {[%clk 0:25:25]} Bxf5 {[%clk 0:19:09]} 52. Ne3
{[%clk 0:25:46]} Be4 {[%clk 0:18:01]} 53. Rxa6 {[%clk 0:25:38]} f5
{[%clk 0:08:28]} 54. Rg6+ {[%clk 0:24:46]} Kh7 {[%clk 0:06:40]} 55. Rb6
{[%clk 0:19:10]} Re8 {[%clk 0:02:01]} 56. Kg1 {[%clk 0:18:06]} Re5
{[%clk 0:01:25]} 57. Rd6 {[%clk 0:17:57]} g4 {[%clk 0:00:56]} 58. Kf2
{[%clk 0:18:01]} Re7 {[%clk 0:00:48]} 59. Kg3 {[%clk 0:17:07]} 1-0

[Event "European Youth Chess Championship B14"]
[Site "Prague, Top Hotel Prague"]
[Date "2012.08.23"]
[Round "7.5"]
[White "Artemiev, Vladislav"]
[Black "Sibashvili, Giorgi"]
[Result "0-1"]
[WhiteElo "2476"]
[BlackElo "2073"]
[PlyCount "0"]
[EventDate "2012.08.17"]

1. c4 {[%clk 1:30:57]} e5 {[%clk 1:30:52]} 2. Nc3 {[%clk 1:31:18]} Nf6
{[%clk 1:31:12]} 3. Nf3 {[%clk 1:31:41]} Nc6 {[%clk 1:31:35]} 4. g3
{[%clk 1:32:01]} Bb4 {[%clk 1:31:19]} 5. Bg2 {[%clk 1:32:24]} O-O
{[%clk 1:31:15]} 6. O-O {[%clk 1:32:50]} e4 {[%clk 1:26:56]} 7. Ng5
{[%clk 1:33:15]} Bxc3 {[%clk 1:27:20]} 8. bxc3 {[%clk 1:33:41]} Re8
{[%clk 1:27:12]} 9. f3 {[%clk 1:33:53]} e3 {[%clk 1:26:31]} 10. d3
{[%clk 1:33:57]} d5 {[%clk 1:13:18]} 11. Qb3 {[%clk 1:33:35]} h6 {[%clk 0:59:07]}
12. cxd5 {[%clk 1:33:20]} Nd4 {[%clk 0:45:03]} 13. cxd4 {[%clk 1:32:57]} hxg5
{[%clk 0:43:37]} 14. f4 {[%clk 1:32:28]} gxf4 {[%clk 0:39:04]} 15. Rxf4
{[%clk 1:32:48]} Bg4 {[%clk 0:39:09]} 16. Qc2 {[%clk 1:31:20]} g5
{[%clk 0:37:54]} 17. Rf1 {[%clk 1:30:45]} Nxd5 {[%clk 0:38:08]} 18. Rb1
{[%clk 1:30:20]} Rb8 {[%clk 0:33:02]} 19. Rb5 {[%clk 1:04:20]} Be6
{[%clk 0:18:03]} 20. Rc5 {[%clk 0:47:34]} c6 {[%clk 0:18:17]} 21. Qb2
{[%clk 0:46:01]} Qe7 {[%clk 0:17:00]} 22. Qa3 {[%clk 0:32:20]} a6
{[%clk 0:16:42]} 23. Ra5 {[%clk 0:31:26]} Qd8 {[%clk 0:13:33]} 24. Rc5
{[%clk 0:26:58]} Kg7 {[%clk 0:12:29]} 25. Qb2 {[%clk 0:26:05]} f6
{[%clk 0:10:46]} 26. Qc2 {[%clk 0:18:52]} Qd7 {[%clk 0:10:43]} 27. Rf3
{[%clk 0:13:07]} Bh3 {[%clk 0:08:16]} 28. Bh1 {[%clk 0:05:16]} Re7
{[%clk 0:07:40]} 29. Qd1 {[%clk 0:04:07]} Rh8 {[%clk 0:07:09]} 30. Ba3
{[%clk 0:03:04]} Rf7 {[%clk 0:06:28]} 31. Qe1 {[%clk 0:01:25]} Qe6
{[%clk 0:05:33]} 32. Bb2 {[%clk 0:00:56]} Kg6 {[%clk 0:05:40]} 33. g4
{[%clk 0:00:43]} Bxg4 {[%clk 0:04:40]} 34. Rg3 {[%clk 0:01:12]} f5
{[%clk 0:04:23]} 35. Qf1 {[%clk 0:00:56]} f4 {[%clk 0:02:42]} 36. Be4+
{[%clk 0:00:48]} Bf5 {[%clk 0:02:48]} 37. Bxd5 {[%clk 0:00:41]} fxg3
{[%clk 0:01:06]} 38. Bf3 {[%clk 0:00:38]} gxh2+ {[%clk 0:00:54]} 39. Kh1
{[%clk 0:01:05]} g4 {[%clk 0:01:01]} 40. Qg2 {[%clk 0:30:53]} Rf6
{[%clk 0:30:38]} 41. Rxf5 {[%clk 0:26:47]} Qxf5 {[%clk 0:20:46]} 42. Be4
{[%clk 0:27:04]} Kf7 {[%clk 0:21:15]} 43. Bxf5 {[%clk 0:27:26]} Rxf5
{[%clk 0:21:44]} 44. d5 {[%clk 0:23:17]} Rhh5 {[%clk 0:21:49]} 45. dxc6
{[%clk 0:20:37]} Rf2 {[%clk 0:22:10]} 0-1

[Event "European Youth Chess Championship B14"]
[Site "Prague, Top Hotel Prague"]
[Date "2012.08.23"]
[Round "7.6"]
[White "Ali Marandi, Cemil Can"]
[Black "Winiarski, Mikolaj"]
[Result "1-0"]
[WhiteElo "2362"]
[BlackElo "2031"]
[PlyCount "0"]
[EventDate "2012.08.17"]

1. e4 {[%clk 1:30:54]} e5 {[%clk 1:30:47]} 2. Nf3 {[%clk 1:31:18]} Nc6
{[%clk 1:31:12]} 3. Bb5 {[%clk 1:31:41]} f5 {[%clk 1:31:35]} 4. Nc3
{[%clk 1:31:49]} fxe4 {[%clk 1:30:51]} 5. Nxe4 {[%clk 1:32:16]} Nf6
{[%clk 1:31:13]} 6. Nxf6+ {[%clk 1:32:29]} Qxf6 {[%clk 1:31:31]} 7. Qe2
{[%clk 1:31:54]} Be7 {[%clk 1:31:56]} 8. Bxc6 {[%clk 1:26:13]} bxc6
{[%clk 1:32:21]} 9. Nxe5 {[%clk 1:25:14]} O-O {[%clk 1:27:14]} 10. O-O
{[%clk 1:23:39]} Qe6 {[%clk 1:25:54]} 11. Re1 {[%clk 1:21:51]} Bc5
{[%clk 1:19:19]} 12. Nf3 {[%clk 1:18:13]} Qxe2 {[%clk 1:14:52]} 13. Rxe2
{[%clk 1:18:41]} d6 {[%clk 1:13:55]} 14. d4 {[%clk 1:12:51]} Bb6 {[%clk 1:12:26]}
15. Be3 {[%clk 1:11:38]} Bg4 {[%clk 1:12:47]} 16. c4 {[%clk 1:10:43]} Rae8
{[%clk 1:01:05]} 17. Kf1 {[%clk 1:08:01]} c5 {[%clk 0:55:55]} 18. dxc5
{[%clk 1:06:19]} Bxc5 {[%clk 0:54:22]} 19. Bxc5 {[%clk 1:06:35]} Rxe2
{[%clk 0:54:29]} 20. Kxe2 {[%clk 1:06:52]} dxc5 {[%clk 0:54:48]} 21. Rd1
{[%clk 1:06:03]} Bxf3+ {[%clk 0:52:26]} 22. gxf3 {[%clk 1:06:30]} Rf4
{[%clk 0:52:39]} 23. b3 {[%clk 1:02:40]} Rh4 {[%clk 0:53:02]} 24. Rd5
{[%clk 1:00:45]} Rxh2 {[%clk 0:53:14]} 25. Rxc5 {[%clk 1:01:07]} Rh1
{[%clk 0:46:13]} 26. f4 {[%clk 0:58:31]} g6 {[%clk 0:45:44]} 27. Rxc7
{[%clk 0:57:05]} h5 {[%clk 0:46:09]} 28. Kf3 {[%clk 0:57:22]} Rg1
{[%clk 0:46:34]} 29. Rc5 {[%clk 0:55:36]} Kf7 {[%clk 0:45:07]} 30. Rg5
{[%clk 0:55:45]} Ra1 {[%clk 0:45:02]} 31. Ra5 {[%clk 0:55:55]} h4
{[%clk 0:36:52]} 32. Rxa7+ {[%clk 0:54:13]} 1-0

[Event "European Youth Chess Championship B14"]
[Site "Prague, Top Hotel Prague"]
[Date "2012.08.23"]
[Round "7.7"]
[White "Garriga Cazorla, Pere"]
[Black "Huber, Martin Christian"]
[Result "1/2-1/2"]
[WhiteElo "2043"]
[BlackElo "2185"]
[PlyCount "0"]
[EventDate "2012.08.17"]

1. d4 {[%clk 1:30:56]} Nf6 {[%clk 1:30:40]} 2. c4 {[%clk 1:31:16]} g6
{[%clk 1:30:57]} 3. Nc3 {[%clk 1:31:34]} d5 {[%clk 1:31:00]} 4. Bf4
{[%clk 1:31:46]} Bg7 {[%clk 1:28:38]} 5. Nf3 {[%clk 1:31:57]} O-O
{[%clk 1:28:25]} 6. e3 {[%clk 1:32:18]} c5 {[%clk 1:28:33]} 7. dxc5
{[%clk 1:31:30]} Ne4 {[%clk 1:27:35]} 8. Rc1 {[%clk 1:26:33]} Nd7
{[%clk 1:22:29]} 9. cxd5 {[%clk 1:12:20]} Nxc3 {[%clk 0:56:54]} 10. bxc3
{[%clk 1:11:21]} Qa5 {[%clk 0:53:08]} 11. Nd4 {[%clk 0:57:15]} Nxc5
{[%clk 0:52:55]} 12. Bc4 {[%clk 0:55:37]} e5 {[%clk 0:53:04]} 13. dxe6
{[%clk 0:55:12]} Bxe6 {[%clk 0:53:05]} 14. Qe2 {[%clk 0:44:45]} Rac8
{[%clk 0:40:58]} 15. O-O {[%clk 0:34:44]} Bxc4 {[%clk 0:36:28]} 16. Qxc4
{[%clk 0:35:01]} Ne6 {[%clk 0:35:15]} 17. Qb3 {[%clk 0:34:15]} Nxf4
{[%clk 0:34:45]} 18. exf4 {[%clk 0:34:44]} Qc7 {[%clk 0:31:00]} 19. g3
{[%clk 0:31:20]} Rfd8 {[%clk 0:24:23]} 20. Rfd1 {[%clk 0:28:32]} Bxd4
{[%clk 0:19:50]} 21. cxd4 {[%clk 0:28:35]} Qxc1 {[%clk 0:20:08]} 22. Rxc1
{[%clk 0:29:03]} Rxc1+ {[%clk 0:20:32]} 23. Kg2 {[%clk 0:29:24]} Rc7
{[%clk 0:20:06]} 24. d5 {[%clk 0:26:53]} Rcd7 {[%clk 0:19:22]} 25. Kf3
{[%clk 0:26:18]} b6 {[%clk 0:16:35]} 26. Ke4 {[%clk 0:26:17]} Rd6
{[%clk 0:15:24]} 27. g4 {[%clk 0:25:31]} R8d7 {[%clk 0:14:28]} 28. g5
{[%clk 0:24:54]} Kf8 {[%clk 0:12:45]} 29. Qc3 {[%clk 0:24:00]} Ke7
{[%clk 0:11:54]} 30. Qh8 {[%clk 0:20:41]} Rd8 {[%clk 0:08:59]} 31. Qe5+
{[%clk 0:19:58]} Kd7 {[%clk 0:08:56]} 32. Qg7 {[%clk 0:19:06]} Ke7
{[%clk 0:06:33]} 33. Qe5+ {[%clk 0:19:30]} Kd7 {[%clk 0:06:21]} 34. Qg7
{[%clk 0:19:56]} Ke7 {[%clk 0:06:26]} 35. Qe5+ {[%clk 0:20:20]} 1/2-1/2

[Event "European Youth Chess Championship B14"]
[Site "Prague, Top Hotel Prague"]
[Date "2012.08.23"]
[Round "7.8"]
[White "Snihur, Piotr"]
[Black "Tarasov, Alexandr"]
[Result "1-0"]
[WhiteElo "2038"]
[BlackElo "2124"]
[PlyCount "0"]
[EventDate "2012.08.17"]

1. e4 {[%clk 1:30:59]} e6 {[%clk 1:30:39]} 2. d4 {[%clk 1:30:53]} d5
{[%clk 1:31:07]} 3. e5 {[%clk 1:31:07]} c5 {[%clk 1:31:27]} 4. c3
{[%clk 1:31:34]} Nc6 {[%clk 1:31:46]} 5. Nf3 {[%clk 1:31:28]} Bd7
{[%clk 1:32:06]} 6. a3 {[%clk 1:31:12]} f6 {[%clk 1:32:20]} 7. exf6
{[%clk 1:28:12]} Nxf6 {[%clk 1:32:21]} 8. Bd3 {[%clk 1:26:50]} Bd6
{[%clk 1:26:51]} 9. O-O {[%clk 1:23:43]} O-O {[%clk 1:24:18]} 10. b4
{[%clk 1:17:16]} cxd4 {[%clk 1:10:53]} 11. cxd4 {[%clk 1:16:56]} e5
{[%clk 0:57:02]} 12. dxe5 {[%clk 1:04:08]} Nxe5 {[%clk 0:56:35]} 13. Be2
{[%clk 1:01:26]} Qc7 {[%clk 0:42:44]} 14. h3 {[%clk 0:38:51]} Rae8
{[%clk 0:29:51]} 15. Bb2 {[%clk 0:30:43]} Nxf3+ {[%clk 0:22:30]} 16. Bxf3
{[%clk 0:29:03]} Bb5 {[%clk 0:18:19]} 17. Re1 {[%clk 0:21:02]} Ba4
{[%clk 0:10:55]} 18. Qd2 {[%clk 0:09:15]} Bf4 {[%clk 0:10:29]} 19. Re3
{[%clk 0:06:28]} Bxe3 {[%clk 0:02:49]} 20. fxe3 {[%clk 0:06:43]} Kh8
{[%clk 0:01:20]} 21. Nc3 {[%clk 0:04:53]} Bb3 {[%clk 0:01:09]} 22. Ne2
{[%clk 0:04:22]} Bc4 {[%clk 0:00:41]} 23. Nf4 {[%clk 0:03:51]} Ne4
{[%clk 0:00:42]} 24. Qd4 {[%clk 0:03:54]} Nf6 {[%clk 0:00:38]} 25. Qxa7
{[%clk 0:03:16]} Qe7 {[%clk 0:00:43]} 26. Re1 {[%clk 0:03:25]} Ne4
{[%clk 0:00:44]} 27. Rd1 {[%clk 0:01:40]} Rd8 {[%clk 0:00:43]} 28. Qd4
{[%clk 0:01:44]} Nf6 {[%clk 0:00:48]} 29. Qd2 {[%clk 0:00:48]} Ne4
{[%clk 0:00:53]} 30. Qe1 {[%clk 0:00:55]} Ng5 {[%clk 0:00:42]} 31. Bg4
{[%clk 0:00:57]} Rfe8 {[%clk 0:00:36]} 32. Bd4 {[%clk 0:00:57]} Rg8
{[%clk 0:00:35]} 33. Ng6+ {[%clk 0:00:56]} hxg6 {[%clk 0:00:48]} 34. Qh4+
{[%clk 0:01:25]} 1-0

[Event "European Youth Chess Championship B14"]
[Site "Prague, Top Hotel Prague"]
[Date "2012.08.23"]
[Round "7.10"]
[White "Vavulin, Maksim"]
[Black "Foniak, Ivan"]
[Result "1-0"]
[WhiteElo "2292"]
[BlackElo "2067"]
[PlyCount "0"]
[EventDate "2012.08.17"]

1. e4 {[%clk 1:30:59]} e6 {[%clk 1:30:54]} 2. d4 {[%clk 1:31:25]} d5
{[%clk 1:31:20]} 3. Nc3 {[%clk 1:31:50]} Nc6 {[%clk 1:31:45]} 4. Nf3
{[%clk 1:31:30]} Nf6 {[%clk 1:32:07]} 5. exd5 {[%clk 1:30:22]} exd5
{[%clk 1:32:30]} 6. Bb5 {[%clk 1:30:15]} Bg4 {[%clk 1:32:41]} 7. h3
{[%clk 1:28:57]} Bxf3 {[%clk 1:32:42]} 8. Qxf3 {[%clk 1:29:18]} Be7
{[%clk 1:32:41]} 9. Be3 {[%clk 1:25:49]} O-O {[%clk 1:29:06]} 10. O-O-O
{[%clk 1:24:56]} a6 {[%clk 1:19:00]} 11. Bd3 {[%clk 1:24:01]} Nb4
{[%clk 1:12:16]} 12. Bf5 {[%clk 1:15:48]} g6 {[%clk 1:04:36]} 13. a3
{[%clk 1:16:04]} Nc6 {[%clk 1:03:25]} 14. Bd3 {[%clk 1:16:22]} b5
{[%clk 0:43:26]} 15. g4 {[%clk 1:01:02]} b4 {[%clk 0:42:03]} 16. axb4
{[%clk 1:01:24]} Nxb4 {[%clk 0:42:07]} 17. h4 {[%clk 0:55:27]} Qd7
{[%clk 0:38:46]} 18. Bg5 {[%clk 0:49:44]} Kg7 {[%clk 0:31:21]} 19. h5
{[%clk 0:43:01]} Ng8 {[%clk 0:24:52]} 20. Bxe7 {[%clk 0:29:40]} Qxe7
{[%clk 0:24:52]} 21. Nxd5 {[%clk 0:29:24]} Qg5+ {[%clk 0:23:59]} 22. Ne3
{[%clk 0:29:48]} Rab8 {[%clk 0:20:18]} 23. Bc4 {[%clk 0:23:36]} Ne7
{[%clk 0:16:22]} 24. Qe4 {[%clk 0:21:46]} Nbc6 {[%clk 0:10:09]} 25. d5
{[%clk 0:19:19]} Na5 {[%clk 0:05:45]} 26. Qd4+ {[%clk 0:19:41]} Kg8
{[%clk 0:04:15]} 27. h6 {[%clk 0:20:04]} 1-0

[Event "European Youth Chess Championship B14"]
[Site "Prague, Top Hotel Prague"]
[Date "2012.08.23"]
[Round "7.11"]
[White "Paravyan, David"]
[Black "Puskar, Peter"]
[Result "1-0"]
[WhiteElo "2271"]
[BlackElo "1998"]
[PlyCount "73"]
[EventDate "2012.08.17"]

1. d4 d5 2. c4 e6 3. Nc3 Nf6 4. cxd5 exd5 5. Bg5 Nbd7 6. e3 Be7 7. Bd3 O-O 8.
Nge2 Re8 9. O-O Nf8 10. Qc2 c6 11. f3 h6 12. Bh4 Ne6 13. Kh1 b6 14. Rad1 Bb7
15. Bf2 Rc8 16. e4 dxe4 17. fxe4 Rc7 18. Bg1 Bf8 19. Qb1 Qa8 20. h3 Rd8 21. Bc2
Rcd7 22. Be3 a5 23. Kg1 b5 24. e5 Nd5 25. Nxd5 cxd5 26. Bh7+ Kh8 27. Bf5 Rc7
28. Bxe6 fxe6 29. Nf4 Bc8 30. Ng6+ Kg8 31. Nxf8 Rxf8 32. Rxf8+ Kxf8 33. Qh7 Rf7
34. Rc1 Ke8 35. Qg8+ Rf8 36. Qxg7 Qb7 37. Rc7 1-0